| 000 | 00704cam a22002172 4500 | ||
|---|---|---|---|
| 001 | 0000001679 | ||
| 005 | 20151217151824.0 | ||
| 008 | 070321s xx 000 0 eng d | ||
| 020 | _a0314061134 : | ||
| 040 |
_aKABU _cKABU |
||
| 050 | 0 |
_aHD30.28 _b.P58 |
|
| 100 | 1 |
_aPitts, Robert A. _@0000150623 |
|
| 245 | 1 | 0 |
_aStrategic management : _bbuilding and sustaining competitive advantage / _cRobert A. Pitts, David Lei. |
| 260 |
_aNew York : _bWest Publishing, _c1996. |
||
| 300 | _axxi, 409 p. | ||
| 650 | 0 |
_aStrategic planning _zUnited States _xCase studies. _@0000150624 |
|
| 700 | 1 |
_aLei, David. _@0000150625 |
|
| 908 | _a070321 | ||
| 950 | _@1 | ||
| 999 |
_c5383 _d5383 |
||